Fr. Conceicao Rodrigues College of Engineering

Automating the design of datamining algorithms (Record no. 35609)

MARC details
000 -LEADER
fixed length control field 00373nam a2200157Ia 4500
082 ## - DEWEY DECIMAL CLASSIFICATION NUMBER
Classification number 5.74
Item number PAP
100 ## - MAIN ENTRY--PERSONAL NAME
Personal name Pappa/Gisele L/ Freitas/Alex A
245 ## - TITLE STATEMENT
Title Automating the design of datamining algorithms
260 ## - PUBLICATION, DISTRIBUTION, ETC.
Name of publisher, distributor, etc. Springer
Date of publication, distribution, etc. 2010
366 ## - TRADE AVAILABILITY INFORMATION
Publishers's discount category 25
300 ## - PHYSICAL DESCRIPTION
Extent 187
546 ## - LANGUAGE NOTE
Language note ENGLISH
-- electronics
650 ## - SUBJECT ADDED ENTRY--TOPICAL TERM
Topical term or geographic name entry element Datamining
654 ## - SUBJECT ADDED ENTRY--FACETED TOPICAL TERMS
Focus term data mining
942 ## - ADDED ENTRY ELEMENTS (KOHA)
Koha item type Reference Book
Holdings
Withdrawn status Lost status Damaged status Not for loan Collection Home library Current library Date acquired Source of acquisition Cost, normal purchase price Inventory number Total Checkouts Full call number Barcode Date last seen Cost, replacement price Price effective from Koha item type
        CRC Fr. Agnel's C.Rodrigues College of Engineering Fr. Agnel's C.Rodrigues College of Engineering 17/03/2023 Allied Publishers 4569.00 2822 dt 19/02/2013   5.74 PAP 22555 17/03/2023 6092.00   Reference Book